01014 2200265 4500001002100000005001500021035002000036007000300056008004100059020002200100082001000122084001900132100002400151245009600175300004300271650001100314700003100325504004200356520022600398264003400624336002100658337003000679338002300709990001600732INLIS00000000116500520241016013626 a0010-1024000150ta241016 g 0 ind  a978-623-160-520-4 a158.1 aSR 158.1 GLE n0 aGlenn Ardiepenulis1 aNgomongin uang :bmenjadi kaya versi kamu sendiri /cGlenn Ardi; penyunting, Innezdhe A. M. axii, 244 halaman :bIlustrasi ;c21 cm 4aSukses0 aInnezdhe A. M.epenyunting aBibliografi : halaman 230-238, Indeks aBuku ini hadir untuk kamu yang merasa keuangannya mandek, kamu yang overthinking dan terus membandingkan dirimu dengan kesuksesan orang lain, dan kamu yang merasa masa depan keuangan kamu suram—Yuk, kita Ngomongin Uang! aJakarta :bBuku Kompas,c2024 2rdacontentaTeks 2rdamediaaTanpa perantara 2rdacarrieraVolume a54985.67805